00402nam a2200169Ia 4500003000400000005001700004008004100021020001600062040000700078041000800085082001300093100002400106245003500130260004000165300001400205365001300219OSt20230502105952.0210423s2002 xx 000 0 und d a81069547269 cAL aeng a576 NICJ aNICKLIN (J);others. aInstant notes in microbiology. aNew DelhibViva Books Pvt Ltdc2002 ax,342bPB b195cINR